Statistics for 2016 NBA Playoffs

Click here to take the quiz!

General Stats

  • This quiz has been taken 602 times
  • The average score is 13 of 16

Answers on the Map

Answers color-coded by a green-red scale on the quiz's map according to % correct below.
 

Answer Stats

Team% Correct
Cleveland Cavaliers
100%
Golden State Warriors
99%
Boston Celtics
92%
Oklahoma City Thunder
88%
Toronto Raptors
88%
San Antonio Spurs
87%
Houston Rockets
84%
Miami Heat
83%
Indiana Pacers
82%
Los Angeles Clippers
81%
Atlanta Hawks
78%
Portland Trailblazers
76%
Dallas Mavericks
72%
Detroit Pistons
68%
Memphis Grizzlies
66%
Charlotte Hornets
59%

Score Distribution

Percentile by Number Answered

Percent of People with Each Score

Your Score History

You have not taken this quiz